| 000 | 00000nam##2200000za#4500 |
| 001 | 9.666091 |
| 003 | CaOODSP |
| 005 | 20210615122627 |
| 007 | ta |
| 008 | 150407|2005||||xxc||||| f|0| 0 eng|d |
| 020 | |a0-662-68650-0 |
| 040 | |aCaOODSP|beng |
| 041 | |aeng |
| 041 | |afre |
| 043 | |an-cn--- |
| 086 | 1 |aSF31-65/2004 |
| 110 | 1 |aCanada. |bOffice of the Commissioner of Official Languages. |
| 245 | 10|aUse of the official language minority press by federal institutions, follow-up |
| 260 | |aOttawa - Ontario : |bOffice of the Commissioner of Official Languages |c2005. |
| 300 | |aEnglish text, 25p. : |btables ; |c28 cm. |
| 520 | 3 |aThis report follows up on recommendations made to the federal government in 2002 concerning the use of official language minority press by federal institutions. These recommendations were driven by a significant number of complaints about federal institutions not placing messages in minority language newspapers as they do in mainstream newspapers. |
| 563 | |aSoftcover |
| 590 | |a05-08|b2005-02-25 |
| 690 | 07|aMedia|2gcpds |
| 776 | 0#|tUtilisation de la presse de langue officielle minoritaire par les institutions fédérales, suivi |w(CaOODSP)9.631815 |
| 776 | 0#|tUse of the official language minority press by federal institutions, follow-up |w(CaOODSP)9.687361 |
| 792 | |tUtilisation de la presse de langue officielle minoritaire par les institutions fédérales, suivi |efre|w(CaOODSP)9.666092 |
| 986 | |aOCOL-CLO PP003-01-2005 |